00897 a2200217 4500010001400000020002500014035001300039037001500052082001500067090001700082100001800099245010700117260005700224270011100281300003500392500004300427500002200470942003000492999001700522952014000539 aENG-89356 a818672210302c120.00 aEN-72889 bDBAD / PUB14a320.540954 c10808d108081 aShamsul Islam1 aGolwalkar's we or our nationhood defined:cby Shamsul Islamba critique with the full text of the book aNew DelhibPharos Media & Publishing Pvt. Ltd.c2006 aP.O. Box 9701, D-84, Abul Fazl Enclave - I , Jamia NagarbNew DelhicDelhie110025minfo@ pharosmedia.com avarious pagingsc21 cm ( pbk.) aScanned from the original 1939 edition aincludes appendix adplcENk320.540954 / SHA c10509d10509 00102ddc40718NFICaDBADbDBADeDBAD/PUBg120.00l0o320.540954 SHApEN-72889r2008-09-15 00:00:00t1u11573v120.00w2008-09-15yEN